Europäische Hauptstädte nach Buchstaben- P - Statistiken

Allgemein
  • Dieses Quiz wurde 138 mal gespielt
    123 seit der letzten Aktualisierung
  • Das Durchschnittsergebnis liegt bei 5 aus 7
Antwortstatistiken
Antwort % Korrekt
Prag
94%
Paris
92%
Pristina
81%
Podgorica
72%
Kopenhagen
65%
Budapest
58%
Skopje
56%
Keine übereinstimmenden Quizze gefunden
Verteilung der Resultate
Anzahl Personen mit jedem Resultat
Perzentil nach korrekt beantworteten Fragen
Ihre Resultats-Entwicklung
Sie haben dieses Quiz seit der letzten Aktualisierung nicht gespielt